000 00626nam a22002057a 4500
003 OSt
005 20260226011331.0
008 260226b |||||||| |||| 00| 0 eng d
020 _a971-48-0758-1
040 _aDWCL-Main Lib
_cOC
082 _aFil. 950 F634 2006
100 _aFlores, Marfel M.
245 _aSocial studies in perspective II : history of Asia
260 _aMakati City :
_bDiwa Learning Systems,
_cc2006.
300 _a330 p. : ill. ;
_c26 cm.
504 _aInclude bibliography.
650 _aAsian history - study and teaching (Secondary).
650 _aAsian history.
942 _2ddc
_cBK-FIL
_mFil.
_n0
999 _c8531
_d8531